| 000 | nam a22 a 4500 | ||
|---|---|---|---|
| 999 |
_c2035 _d2035 |
||
| 003 | AKMAL | ||
| 005 | 20170515092428.0 | ||
| 008 | 170515s1993 my f00 may d | ||
| 040 | _aAKMAL | ||
| 082 | 0 | 4 | _a354.595 AHM |
| 090 | 0 | 0 |
_a354.595 _bAHM |
| 110 | 1 |
_aMalaysia. _bKetua Setiausaha Negara _9551 |
|
| 245 | 1 | 0 |
_aPembaharuan dan kemajuan dalam perkhidmatan awam Malaysia untuk tahun 1992 / _claporan oleh Tan Sri Dato' Seri Ahmad Sarji bin Abdul Hamid |
| 260 |
_aKuala Lumpur : _bUnit Pemodenan Tadbiran Malaysia , _c1991 |
||
| 300 | 0 | 0 |
_axv, [769]ms. : _bil. ; _c23cm |
| 500 | _a"Laporan tahunan ketiga mengenai pembaharuan dalam perkhidmatan awam" -- ms. iii | ||
| 650 | 0 |
_aCivil service _zMalaysia _9420 |
|
| 650 | 0 |
_aPublic administration _zMalaysia _9419 |
|
| 700 | 0 |
_aAhmad Sarji Abdul Hamid, _cTan Sri Dato' Seri, _d1938- _9508 |
|
| 710 | 2 |
_aMalaysia. _bUnit Pemodenan Tadbiran Malaysia _94208 |
|
| 942 |
_2ddc _cBOOK |
||